Don't make it compulsory (Record no. 78717)

MARC details
000 -LEADER
fixed length control field 00982cab a22001815a 4500
001 - CONTROL NUMBER
control field L137813
008 - FIXED-LENGTH DATA ELEMENTS--GENERAL INFORMATION
fixed length control field 070501s2007 xxk f g 000 0 eng d
035 ## - SYSTEM CONTROL NUMBER
System control number (Sirsi) u137813
041 0# - LANGUAGE CODE
Language code of text/sound track or separate title eng
100 1# - MAIN ENTRY--PERSONAL NAME
Personal name Ferguson, Ian C
245 00 - TITLE STATEMENT
Title Don't make it compulsory
490 ## - SERIES STATEMENT
Series statement Journal of the Law Society of Scotland
Volume/sequential designation 50(6) June 2005, 55(1)
520 ## - SUMMARY, ETC.
Summary, etc. Argues that the compulsory single survey scheme should not be introduced. Points out that the pilot has been a failure, and they are being introduced in spite of this. This amounts to a dismissal of the cooperation given by property professionals during the pilot scheme. Argues that by adding further costs to the selling of a property they will have a negative effect on market supply. Suggests that purchaser information packs will follow.
650 24 - SUBJECT ADDED ENTRY--TOPICAL TERM
Topical term or geographic name entry element SCOTTISH SINGLE SURVEY SCHEME
651 #4 - SUBJECT ADDED ENTRY--GEOGRAPHIC NAME
Geographic name Scotland
Chronological subdivision 1999-
690 ## - LOCAL SUBJECT ADDED ENTRY--TOPICAL TERM (OCLC, RLIN)
Topical term or geographic name as entry element PROPERTY-RESIDENTIAL PROPERTY-ACQUISITION AND DISPOSAL OF RESIDENTIAL PROPERTY
942 ## - ADDED ENTRY ELEMENTS (KOHA)
Suppress in OPAC 0
Holdings
Withdrawn status Lost status Source of classification or shelving scheme Damaged status Not for loan Home library Current library Shelving location Date acquired Total Checkouts Full call number Barcode Date last seen Copy number Price effective from Koha item type
    Dewey Decimal Classification     London London Journal article 01/05/2007   L137813 137813-1001 06/08/2019 1 06/08/2019 Journal article